000 00876nam a2200265Ia 4500
003 EC-GqESP
005 20251105115012.0
008 250425s9999 xx 000 0 und d
010 _a48189
020 _a9701030842
041 _aspa
082 _a658.15
_pBES
100 _aBESLEY, SCOTT
245 0 _aFUNDAMENTOS DE ADMINISTRACION FINANCIERA
250 _a12A ED.
260 _aMEXICO
260 _aMéxico
_bMCGRAW-HILL
_c2001
300 _a919
520 _aESTUDIA LAS TRES AREAS INTERRELACIONADAS: MERCADOS E INSTITUCIONES FINANCIERAS, QUE TRATA DE UN GRAN NUMERO DE TOPICOS QUE CUBREN EN LA MACROECONOMIA.INVERSIONES LA CUAL SE CENTRA EN LAS DECISIONES DE LOS INDIVIDUOS Y EN LAS INSTITUCIONES FINANCIERAS Y
650 _aADMINISTRACION FINANCIERA
650 _aCOSTOS
650 _aPLANEACION ESTRATEGICA
650 _aPRESUPUESTOS
942 _c01
999 _c221946
_d221946